MANAGING NEWBORN PROBLEMS (Record no. 6811)

MARC details
000 -LEADER
fixed length control field 00237nam a2200109Ia 4500
082 ## - DEWEY DECIMAL CLASSIFICATION NUMBER
Classification number 610.7367
Item number M07W
100 ## - MAIN ENTRY--PERSONAL NAME
Personal name W.H.O.
245 ## - TITLE STATEMENT
Title MANAGING NEWBORN PROBLEMS
260 ## - PUBLICATION, DISTRIBUTION, ETC. (IMPRINT)
Name of publisher, distributor, etc A.I.T.B.S
Year of Publication 2007
650 ## - SUBJECT ADDED ENTRY--TOPICAL TERM
Topical term or geographic name as entry element NEWBORN PROBLEM
942 ## - ADDED ENTRY ELEMENTS (KOHA)
Source of classification or shelving scheme Dewey Decimal Classification
Koha item type Books
Holdings
Withdrawn status Lost status Source of classification or shelving scheme Damaged status Not for loan Collection code Home library Current library Shelving location Date acquired Vendor Name Cost, normal purchase price SGTU Bill Number Total Checkouts Full call number Accession No. (Barcode) Date last seen Bill Date Koha item type Date last borrowed
    Dewey Decimal Classification     NURSING SGT Medical Library SGT Medical Library Text Book 02/07/2015 ABC DELHI 250.00 SGTU 5533   610.7367 M07W FN2706 02/07/2015 25/03/2015 Books  
    Dewey Decimal Classification     NURSING SGT Medical Library SGT Medical Library Text Book 02/07/2015 ABC DELHI 250.00 SGTU 5533   610.7367 M07W FN2707 02/07/2015 25/03/2015 Books  
    Dewey Decimal Classification     NURSING SGT Medical Library SGT Medical Library Text Book 02/07/2015 ABC DELHI 250.00 SGTU 5533 3 610.7367 M07W FN2708 16/02/2017 25/03/2015 Books 08/02/2017
    Dewey Decimal Classification     NURSING SGT Medical Library SGT Medical Library Text Book 02/07/2015 ABC DELHI 250.00 SGTU 5533   610.7367 M07W FN2709 02/07/2015 25/03/2015 Books  
    Dewey Decimal Classification     NURSING SGT Medical Library SGT Medical Library Text Book 02/07/2015 ABC DELHI 250.00 SGTU 5533   610.7367 M07W FN2710 11/01/2018 25/03/2015 Books